000 01558 a2200205 4500
001 39297
005 20260407155652.0
008 260407a1961 arg spa d
003 AR-UNSa-BCEJYS
040 _aAR-UNSa-BCEJYS
_bspa
_cAR-UNSa-BCEJYS
080 _a911.3
_xGeografía humana. Geografía de los factores culturales
245 1 0 _aTratado de geografía humana
250 _a6a. ed
264 1 _aBarcelona :
_bVicens-Vives
_c1961
300 _a681 p.
_c23 cm.
505 _aParte I: Geografía de la población : 1. Los efectivos de la población - 2. Las causas de la distribución de los hombres - 3. Las variaciones de una población - 4. Composición de una población - Parte II: Los modos de vida, los mecanismos y los sistemas económicos: 1. Los mecanismos económicos espontáneos - 2. Los mecanismos impuestos por los cargos económicos - 3. La intervención del estado - 4. Las formas de organización económica - Parte III: Geografía agraria: 1. Los paisajes agrarios de las zonas ecuatorial y tropical - 2. Las explotaciones agrarias de la zona desértica - 3. Los paisajes agrario de la zona y continetal del viejo Mundo - 5. Geografía agraria de los paises nuevos templados y fríos - 6. Las agriculturas colectivas - 7. Los probelmas del hábitat rural - Parte IV: Las actividades no agricolas : 1. La localización de la industria - 2. Tipos complejos industriales - 3. El lugar que ocupala industria en la economía de un Estado - Apéndice
942 _cBK
590 _aniveau_biblio:m niveau_hierar:0
100 1 _aDerrau, Max
999 _c3009
_d3009